Prenoms de héros de séries télévisées françaises *3* - Statistiques

Statistiques générales
  • Ce quiz a été pris 103 fois
  • Le résultat moyen est 2 sur 16
Statistiques - réponses
Hint Explanation Réponse % Correct
Lescaut Julie Lescaut Julie
95%
Kaplan Julie Lescaut David
15%
Renard Julie Lescaut Christelle
13%
Héroux Julie Lescaut Martin
13%
N'Guma Julie Lescaut Justin
12%
Roman Louis la Brocante Louis
12%
Beaulieu Madame le consul Alice
11%
Blomet Navarro Joseph
11%
Garnier Le Miel et les Abeilles Lola
11%
Motta Julie Lescaut Vincent
10%
Righini Marc et Sophie Marc
7%
Auquelin Navarro René
6%
Bader Le mari de l'ambassadeur Sixtine
6%
Bain-Marie Navarro Jean-Philippe
2%
Boissier Maguy Marguerite
2%
Lambert Le mari de l'ambassadeur Pierre Baptiste
2%
Aucun quiz correspondant
Distribution des résultats
% des personnes avec chaque résultat
Percentile par nombre de réponses
Votre historique - résultats
Vous n’avez pas pris ce quiz